00000000nam##2200000za#4500
0019.700453
003CaOODSP
00520250506145324
007cr |||||||||||
008150407|1965||||xxc|||||o    f|0| 0 eng|d
040 |aCaOODSP|beng
043 |an-cn---
0861 |aA53-1257/1965E-PDF
1101 |aCanada.|bAgriculture Canada.
24510|aRapeseed meal for livestock and poultry : |h[electronic resource]|ba review / |cPrepared by The Associate Committee on Animal Nutrition, National Research Council of Canada.
250 |aReprinted 1965
260 |aOttawa - Ontario : |bAgriculture Canada |c1965.
300 |a104p.|breferences, tables
500 |aContents: Protecting stored products.--Detecting problems.--Identifying the organisms.--Controlling infestations.--Further information.--Common and scientific names of major pests in stored grain.--References.--Additional reading.--Appendix.
500 |aHistorical publication digitized by Agriculture and Agri-Food Canada.
590 |a15-03-Supp|b2015-03-13
85640|ahttp://publications.gc.ca|qPDF|s8809 KB|uhttps://publications.gc.ca/collections/collection_2015/aac-aafc/A53-1257-1965-eng.pdf
986 |aPublication 1257